Statistics for Countries Apart From Egypt That.....

Click here to take the quiz!

General Stats

  • This quiz has been taken 59 times
    (39 since last reset)
  • The average score is 14 of 16

Answer Stats

Answer% Correct
Border IsraelLebanon
97%
Begin with EEritrea
97%
Have Mediterranean coastline(Africa)Algeria
97%
Have Mediterranean coastline(Africa)Morocco
97%
Have Mediterranean coastline(Africa)Tunisia
97%
Border IsraelSyria
94%
Have Mediterranean coastline(Africa)Libya
94%
Begin with EEthiopia
91%
Begin with EEl Salvador
88%
Begin with EEstonia
88%
Border IsraelJordan
88%
Begin with E | Have 5 letter capital ending in OEcuador
84%
Begin with EEast Timor
72%
Begin with EEquatorial Guinea
63%
Have 5 letter capital ending in OJapan
38%

Score Distribution

Percentile by Number Answered

Percent of People with Each Score

Your Score History

You have not taken this quiz since the last reset